000 00827nam a2200229Ia 4500
003 CO-CtgCURN
005 20250410180813.0
008 190723s9999 xx 000 0 und d
020 _a9586903605
040 _aCO-CtgCURN
_bspa
_ccoctgcurn
082 _a345.077
_bC172p
100 _aCamargo, Pedro Pablo
245 0 _aProhibicion de la reforma en perjuicio y legalidad de la pena :
_bnon reformatio in pejus como derecho fundamental /
_cPedro Pablo Camargo
260 _aBogotá, Colombia :
_bLeyer,
_c2002
300 _a203 páginas ;
_c21 centímetros
521 _aAREA PROFESIONAL
590 _aPrograma de Derecho_18
650 _aDerecho constitucional
650 _aDerecho procesal
942 _cBK
_h345.077
_iC172p
_2ddc
_n0
999 _c28966
_d28966